Visualizzazione normale
Vista MARC
- Dumont
di Personal Name
Records bibliografici associati: 1
001 - CONTROL NUMBER
- control field: 28799
003 - CONTROL NUMBER IDENTIFIER
- control field: IT-RoPau
005 - DATE AND TIME OF LATEST TRANSACTION
- control field: 20140611105050.0
008 - FIXED-LENGTH DATA ELEMENTS
- fixed length control field: 140611|| aca||aabn | a|a d
040 ## - CATALOGING SOURCE
- Original cataloging agency: IT-RoPau
- Transcribing agency: IT-RoPau
100 ## - HEADING--PERSONAL NAME
- Personal name: Dumont
- Miscellaneous information: Codice autore musica SPICS: 15898
- Relator term: Autore musica
- Name of part/section of a work: Non, Je Ne Regrette Rien
670 ## - SOURCE DATA FOUND
- Source citation: Work cat.: (IT-RoPau)99327: AA.VV. 794, Illusions